<?xml version="1.0" encoding="UTF-8"?><?xml-stylesheet type="text/xsl" href="static/style.xsl"?><OAI-PMH xmlns="http://www.openarchives.org/OAI/2.0/" xmlns:xsi="http://www.w3.org/2001/XMLSchema-instance" xsi:schemaLocation="http://www.openarchives.org/OAI/2.0/ http://www.openarchives.org/OAI/2.0/OAI-PMH.xsd"><responseDate>2026-06-04T05:44:51Z</responseDate><request verb="GetRecord" identifier="oai:riuma.uma.es:10630/20649" metadataPrefix="marc">https://riuma.uma.es/rest/oai/request</request><GetRecord><record><header><identifier>oai:riuma.uma.es:10630/20649</identifier><datestamp>2026-02-03T11:52:40Z</datestamp><setSpec>com_10630_2254</setSpec><setSpec>col_10630_37959</setSpec></header><metadata><record xmlns="http://www.loc.gov/MARC21/slim" xmlns:dcterms="http://purl.org/dc/terms/" xmlns:doc="http://www.lyncode.com/xoai" xmlns:xsi="http://www.w3.org/2001/XMLSchema-instance" xsi:schemaLocation="http://www.loc.gov/MARC21/slim http://www.loc.gov/standards/marcxml/schema/MARC21slim.xsd">
   <leader>00925njm 22002777a 4500</leader>
   <datafield ind2=" " ind1=" " tag="042">
      <subfield code="a">dc</subfield>
   </datafield>
   <datafield ind2=" " ind1=" " tag="720">
      <subfield code="a">Velasco-Rengel, Carmen</subfield>
      <subfield code="e">author</subfield>
   </datafield>
   <datafield ind2=" " ind1=" " tag="260">
      <subfield code="c">2020-12-22</subfield>
   </datafield>
   <datafield ind2=" " ind1=" " tag="520">
      <subfield code="a">El propósito de esta comunicación es revalidar la vigencia de la poesía de María&#xd;
Zambrano. Así mismo, se analiza la influencia del punto de vista femenino de la autora&#xd;
en su creación, destacando como paradigma de esta el tratamiento que ha dado al sueño&#xd;
(«El último sueño de esta mañana fue con varias llaves… ».). La «vida no vivida», que&#xd;
ha sido representada por Antígona en la obra de la filósofa, sirve a esta investigación para&#xd;
profundizar en la obra poética de Zambrano y entender cómo se adentra en la ficción&#xd;
dramática, pues necesita el lenguaje literario («la razón poética») para expresar su&#xd;
pensamiento con más fuerza. Como señala María Zambrano en su introducción a&#xd;
Filosofía y poesía, su obra creativa pasa «de lo imposible a lo verdadero, puesto que nacer&#xd;
es lo más imposible, incluido al animal, a la planta, a la piedra misma, a lo que forma la&#xd;
órbita del verdadero universo» (pág. 11).</subfield>
   </datafield>
   <datafield ind1="8" ind2=" " tag="024">
      <subfield code="a">https://hdl.handle.net/10630/20649</subfield>
   </datafield>
   <datafield tag="653" ind2=" " ind1=" ">
      <subfield code="a">Zambrano, María (1904-1991)</subfield>
   </datafield>
   <datafield ind2="0" ind1="0" tag="245">
      <subfield code="a">La obra poética de María Zambrano (poesía y sueño)</subfield>
   </datafield>
</record>
</metadata></record></GetRecord></OAI-PMH>